00449 2200181 4500001002100000008004100021035002000062245006000082100001900142250000600161260002900167300001200196084001400208082000800222650001300230990001200243990001200255INLIS000000000000791 ind  a0010-0524000026 aCara Cespleng Pintar Geografi X, XI, XIIcBeni Setiawan aSetiawan, Beni a1 aYogyakarta :bAndic2015 a186 hlm a900 BEN c a900 aNonFiksi a0740431 a0740432